El control y la gestión a través de la contabilidad / (Record no. 129140)

MARC details
000 -LEADER
campo de control de longitud fija 00675nam a2200229 i 4500
001 - NÚMERO DE CONTROL
campo de control 129140
003 - IDENTIFICADOR DE NÚMERO DE CONTROL
campo de control ES-MaACL
005 - FECHA Y HORA DE LA ÚLTIMA TRANSACCIÓN
campo de control 20230906193439.0
007 - CAMPO FIJO DE DESCRIPCIÓN FÍSICA--INFORMACIÓN GENERAL
campo de control de longitud fija t|
008 - DATOS DE LONGITUD FIJA--INFORMACIÓN GENERAL
campo de control de longitud fija 070606s1964 sp ||||1| spa d
080 ## - NÚMERO DE LA CLASIFICACIÓN DECIMAL UNIVERSAL
Número de la Clasificación Decimal Universal 658:657
100 1# - ENTRADA PRINCIPAL--NOMBRE DE PERSONA
Nombre de persona Teillac, Maurice.
9 (RLIN) 109523
245 13 - MENCIÓN DEL TÍTULO
Título El control y la gestión a través de la contabilidad /
Mención de responsabilidad, etc. Maurice Teillac ; traducido por Pablo Gil Castro.
260 ## - PUBLICACIÓN, DISTRIBUCIÓN, ETC.
Lugar de publicación, distribución, etc. Bilbao :
Nombre del editor, distribuidor, etc. Deusto,
Fecha de publicación, distribución, etc. [1964]
490 1# - MENCIÓN DE SERIE
Mención de serie Gestión
650 #4 - PUNTO DE ACCESO ADICIONAL DE MATERIA--TÉRMINO DE MATERIA
Término de materia o nombre geográfico como elemento de entrada Contabilidad.
9 (RLIN) 11307
650 #4 - PUNTO DE ACCESO ADICIONAL DE MATERIA--TÉRMINO DE MATERIA
Término de materia o nombre geográfico como elemento de entrada Control de gestión.
9 (RLIN) 146119
700 1# - ENTRADA AGREGADA--NOMBRE PERSONAL
Nombre de persona Gil Castro, Pablo.
9 (RLIN) 56779
830 1# - PUNTO DE ACCESO ADICIONAL DE SERIE-TÍTULO UNIFORME
Título uniforme Gestión
9 (RLIN) 184639
852 4# - LOCALIZACIÓN
Ubicación ES-MaACL
Número de control de estantería C-25776
Holdings
Estatus retirado Estado de pérdida Estado de daño No para préstamo Biblioteca de origen Biblioteca actual Ubicación en estantería Fecha de adquisición Fuente de adquisición Total de préstamos Signatura topográfica completa Código de barras Visto por última vez Precio de reemplazo Tipo de ítem Koha
        Biblioteca del Ateneo de Madrid Biblioteca del Ateneo de Madrid Depósito 2 17/01/2008     C-25776 1134483 23/02/2023 23/02/2023 Libro impreso